000 01680cam a2200349 a 4500
001 5390063
003 OSt
005 20240801145550.0
008 990226s1998 su b 001 0 ara d
010 _a 99900139
035 _a(CStRLIN)DCLN99-B1185
040 _aMH
_cMH
_dCStRLIN
_dDLC-R
_dDLC
042 _alccopycat
_alcode
050 0 0 _aBP130.4
_b.Z32 1998
066 _c(3
082 _a297.207
_bZAM/A
100 1 _aZamakhsharī, Maḥmūd ibn ʻUmar,
_d1075-1144
_99746
240 1 0 _aKashshāf
245 1 3 _6880-01
_aal-Kashshāf ʻan ḥaqāʼiq ghawāmiḍ al-tanzīl wa-ʻuyūn al-aqāwīl fī wujūh al-taʼwīl /
_cli-Jār Allāh Abī al-Qāsim Maḥmūd ibn ʻUmar al-Zamakhsharī ; taḥqīq wa-taʻlīq wa-dirāsat ʻĀdil Aḥmad ʻAbd al-Mawjūd, ʻAlī Muḥammad Muʻawwaḍ.
246 1 8 _6880-02
_aKashshāf
250 _6880-03
_aal-Ṭabʻah 1.
260 _aBeiruth:
_bDarelfkr,
_c2008.
300 _a4 v. ;
_c25 cm.
504 _aIncludes bibliographical references and indexes.
630 0 0 _6880-05
_aQurʼan
_vCommentaries
_vEarly works to 1800.
880 1 3 _6245-01/(3/r
_aالكشاف عن حقائق غوامض التنزيل وعيون الأقاويل في وجوه التأويل /
_cلجار الله أبي القاسم محمود بن عمر الزمخشري ؛ تحقيق وتعليق ودراسة عادل عبد الموجود، علي محمد معوض.
880 1 8 _6246-02/(3/r
_aكشاف
880 _6250-03/(3/r
_aالطبعة 1.
880 _6260-04/(3/r
_aالرياض :
_bمكتبة العبيكان،
_c1998.
880 0 4 _6630-05/(3/r
_aقرٱن.
942 _2ddc
_cBK
_h297.207
_iZAM/A
_k297.207
_mZAM/A
999 _c42701
_d42701